000 00450nam a2200145Ia 4500
003 OSt
005 20260123114023.0
008 211028s2016 xx 000 0 und d
040 _cAIMIT LIBRARY
041 _aeng
100 _aGeorge, Nikhil; Pereira, Divya.
_g1416092
_97513
245 _aStudy on level of customer satisfaction with reference to accuplast technologies Bangalore /
260 _aMangalore
_bDivya Pereira.
_c2016
942 _2ddc
_cPRO
999 _c219081
_d219081